<?xml version="1.0" encoding="UTF-8"?>
<collection xmlns="http://www.loc.gov/MARC21/slim">
 <record>
  <leader>01060cam a2200277 7i4500</leader>
  <controlfield tag="001">0000152710</controlfield>
  <controlfield tag="005">20230220090000.0</controlfield>
  <controlfield tag="008">230216s2022    my #   ###   #00001eng##</controlfield>
  <datafield tag="020" ind1="#" ind2="#">
   <subfield code="a">9789671949542 </subfield>
  </datafield>
  <datafield tag="040" ind1="#" ind2="#">
   <subfield code="a">UMT </subfield>
   <subfield code="b">eng </subfield>
   <subfield code="c">UMT </subfield>
   <subfield code="d">PNM </subfield>
   <subfield code="e">rda</subfield>
  </datafield>
  <datafield tag="090" ind1="0" ind2="#">
   <subfield code="a">BP 128.5 </subfield>
   <subfield code="b">.A3 2022</subfield>
  </datafield>
  <datafield tag="100" ind1="0" ind2="#">
   <subfield code="a">Ahmad Saifuddin Yusof, </subfield>
   <subfield code="d">1982- </subfield>
   <subfield code="e">author </subfield>
  </datafield>
  <datafield tag="245" ind1="1" ind2="0">
   <subfield code="a">Tafsir al-Quran Nik Abdul Aziz Nik Mat : </subfield>
   <subfield code="b">surah al-Kahfi  </subfield>
   <subfield code="c">penulis &amp; penyusun Ahmad Saifuddin Yusof, Tengku Nurhusni Tengku Ab. Razak.</subfield>
  </datafield>
  <datafield tag="246" ind1="3" ind2="0">
   <subfield code="a">Surah al-Kahfi</subfield>
  </datafield>
  <datafield tag="264" ind1="#" ind2="1">
   <subfield code="a">Petaling Jaya, Selangor: </subfield>
   <subfield code="b">Alim Rabbani Media Sdn Bhd, </subfield>
   <subfield code="c">[2022]</subfield>
  </datafield>
  <datafield tag="300" ind1="#" ind2="#">
   <subfield code="a">xvi, 397 pages; </subfield>
   <subfield code="c">23 cm</subfield>
  </datafield>
  <datafield tag="336" ind1="#" ind2="#">
   <subfield code="a">text -- </subfield>
   <subfield code="2">rdacontent</subfield>
  </datafield>
  <datafield tag="337" ind1="#" ind2="#">
   <subfield code="a">unmediated -- </subfield>
   <subfield code="2">rdamedia</subfield>
  </datafield>
  <datafield tag="338" ind1="#" ind2="#">
   <subfield code="a">volume -- </subfield>
   <subfield code="2">rdacarrier</subfield>
  </datafield>
  <datafield tag="500" ind1="#" ind2="#">
   <subfield code="a">Contains verses from the Qur'an</subfield>
  </datafield>
  <datafield tag="650" ind1="#" ind2="0">
   <subfield code="a">Qur'an.Surat al-Kahf </subfield>
  </datafield>
  <datafield tag="650" ind1="#" ind2="0">
   <subfield code="a">Qur'an -- </subfield>
   <subfield code="x">Criticism, interpretation, etc. </subfield>
  </datafield>
  <datafield tag="650" ind1="#" ind2="0">
   <subfield code="a">Qur'an -- </subfield>
   <subfield code="x">Translating </subfield>
  </datafield>
  <datafield tag="700" ind1="0" ind2="#">
   <subfield code="a">Haszrul Azrie Zakaria Nor </subfield>
  </datafield>
  <datafield tag="700" ind1="0" ind2="#">
   <subfield code="a">Tengku Nurhusni Tengku Ab. Razak </subfield>
  </datafield>
  <datafield tag="999" ind1=" " ind2=" ">
   <subfield code="a">1100113860</subfield>
   <subfield code="b">Book</subfield>
   <subfield code="c">AZKA CORNER</subfield>
   <subfield code="e">KOLEKSI KHAS</subfield>
  </datafield>
 </record>
</collection>
